Adaptácia stredoškolákov na vysokoškolské štúdium matematiky aj pomocou počítačového matematického softvéru

Klesajúca úroveň vedomostí študentov maturitných ročníkov, ktorá sa odzrkadľuje aj na vedomostnej úrovni študentov vysokých škôl. Hľadanie odpovede, ako postupovať pri výučbe matematiky a ako nájsť skryté rezervy.

Salvato in:
Dettagli Bibliografici
Autore principale: Horáková, Galina
Natura: Capitolo di libro
Lingua:slovacco
Soggetti:
Tags: Aggiungi Tag
Nessun Tag, puoi essere il primo ad aggiungerne!!

MARC

LEADER 00000naa$a2200000$$$4500
001 0097999
005 20240502072100.9
041 0 |a slo 
044 |a SK 
245 1 0 |a Adaptácia stredoškolákov na vysokoškolské štúdium matematiky aj pomocou počítačového matematického softvéru  |c Galina Horáková 
520 |a Klesajúca úroveň vedomostí študentov maturitných ročníkov, ktorá sa odzrkadľuje aj na vedomostnej úrovni študentov vysokých škôl. Hľadanie odpovede, ako postupovať pri výučbe matematiky a ako nájsť skryté rezervy. 
610 2 0 |a vzdelávanie vysokoškolské 
610 2 0 |a študenti 
610 2 0 |a vedomosti 
610 2 0 |a matematika 
610 2 0 |a počítače 
610 2 0 |a technológie informačné 
610 2 0 |a technológie komunikačné 
100 1 |a Horáková, Galina